000 00377nam a2200157Ia 4500
008 230917s9999||||xx |||||||||||||| ||und||
040 _e195116
_aMAIN
041 _aEnglish
082 _a621.4022 M624H(2)
100 _aMills, A F
245 0 _aHeat transfer
250 _a2nd ed.
260 _aNew Delhi
_bPearson Education
_c2009
300 _axxii, 878 p.
942 _cBK
999 _c157588
_d157588